Berliner U-Bahnhöfe auf einer Karte - Statistiken

Allgemein
  • Dieses Quiz wurde 13.945 mal gespielt
    13.069 seit der letzten Aktualisierung
  • Das Durchschnittsergebnis liegt bei 72 aus 208
Antworten auf der Karte
Die Antworten werden auf der Karte rot bzw. grün angezeigt, abhängig davon wie oft sie richtig erraten wurden.
 
Antwortstatistiken
Antwort % Korrekt
Alexanderplatz
83%
Brandenburger Tor
76%
Berlin Hauptbahnhof
74%
U7 Rathaus Spandau
72%
Rathaus Neukölln
67%
Bundesplatz
63%
Friedrichstraße
62%
Friedrich-Wilhelm-Platz
62%
Rotes Rathaus
62%
Pankstraße
61%
Rathaus Steglitz
61%
Rathaus Schöneberg
60%
Rathaus Reinickendorf
59%
Zoologischer Garten
59%
Potsdamer Platz
57%
U2 Pankow
56%
U1 | U3 Warschauer Straße
56%
Unter den Linden
55%
Kottbusser Tor
54%
Museumsinsel
53%
Bundestag
52%
Kurfürstendamm
52%
Hermannplatz
50%
Hermannstraße
50%
Neukölln
50%
Olympia-Stadion
50%
Tempelhof
50%
Rudow
48%
Kurfürstenstraße
47%
Gleisdreieck
46%
| U4 Nollendorfplatz
46%
| U9 Osloer Straße
46%
Frankfurter Tor
45%
Sophie-Charlotte-Platz
44%
Stadtmitte
44%
U6 Alt-Tegel
43%
U5 Hönow
43%
Mehringdamm
43%
Ruhleben
43%
Wittenbergplatz
43%
Berliner Straße
42%
Gesundbrunnen
42%
Krumme Lanke
42%
Alt-Mariendorf
41%
Wedding
41%
Hallesches Tor
40%
Karl-Bonhoeffer-Nervenklinik
40%
Onkel Toms Hütte
39%
Schlesisches Tor
38%
Uhlandstraße
38%
Innsbrucker Platz
37%
Rosa-Luxemburg-Platz
37%
U8 Wittenau
36%
Eberswalder Straße
35%
Jannowitzbrücke
35%
Möckernbrücke
35%
Platz der Luftbrücke
35%
Yorckstraße
35%
Bismarckstraße
34%
Lichtenberg
34%
Schönhauser Allee
34%
Tierpark
34%
Deutsche Oper
33%
Görlitzer Bahnhof
33%
Leopoldplatz
33%
Schloßstraße
33%
Turmstraße
33%
Bayerischer Platz
32%
Ernst-Reuter-Platz
32%
Mohrenstraße
32%
Oranienburger Tor
32%
Zitadelle
32%
Fehrbelliner Platz
31%
Frankfurter Allee
31%
Naturkundemuseum
31%
Prinzenstraße
31%
Rosenthaler Platz
31%
Theodor-Heuss-Platz
31%
Adenauerplatz
30%
Alt-Tempelhof
30%
Freie Universität (Thielplatz)
30%
Hansaplatz
30%
Jungfernheide
30%
Moritzplatz
30%
Bernauer Straße
29%
Bülowstraße
29%
Dahlem-Dorf
29%
Heidelberger Platz
29%
Karl-Marx-Straße
29%
Kochstraße
29%
Mendelssohn-Bartholdy-Park
29%
Südstern
29%
Vinetastraße
29%
Westhafen
29%
Afrikanische Straße
28%
Altstadt Spandau
28%
Kurt-Schumacher-Platz
28%
Spichernstraße
28%
Wilmersdorfer Straße
28%
Märkisches Museum
27%
Seestraße
27%
Senefelderplatz
27%
Viktoria-Luise-Platz
27%
Heinrich-Heine-Straße
26%
Klosterstraße
26%
Spittelmarkt
26%
Weinmeisterstraße
26%
Boddinstraße
25%
Cottbusser Platz
25%
Gneisenaustraße
25%
Hellersdorf
25%
Kaiserdamm
25%
Kleistpark
25%
Samariterstraße
25%
Schönleinstraße
25%
Weberwiese
25%
Hausvogteiplatz
24%
Leinestraße
24%
Siemensdamm
24%
Voltastraße
24%
Walther-Schreiber-Platz
24%
Amrumer Straße
23%
Augsburger Straße
23%
Eisenacher Straße
23%
Paracelsus-Bad
23%
Paradestraße
23%
Strausberger Platz
23%
Birkenstraße
22%
Britz-Süd
22%
Oskar-Helene-Heim
22%
Reinickendorfer Straße
22%
Richard-Wagner-Platz
22%
Blissestraße
21%
Friedrichsfelde
21%
Hohenzollernplatz
21%
Kaiserin-Augusta-Straße
21%
Kienberg (Gärten der Welt)
21%
Nauener Platz
21%
Neu-Westend
21%
Rohrdamm
21%
Schillingstraße
21%
Borsigwerke
20%
Güntzelstraße
20%
Haselhorst
20%
Konstanzer Straße
20%
Magdalenenstraße
20%
Mierendorffplatz
20%
Rehberge
20%
Schwartzkopffstraße
20%
Ullsteinstraße
20%
Grenzallee
19%
Jakob-Kaiser-Platz
19%
Kaulsdorf-Nord
19%
Breitenbachplatz
18%
Paulsternstraße
18%
Podbielskiallee
18%
Rüdesheimer Platz
18%
Wuhletal
18%
Biesdorf-Süd
17%
Johannisthaler Chaussee
17%
Westphalweg
17%
Wutzkyallee
17%
Zwickauer Damm
17%
Elsterwerdaer Platz
16%
Franz-Neumann-Platz
16%
Lipschitzallee
16%
Otisstraße
16%
Blaschkoallee
15%
Halemweg
15%
Louis-Lewin-Straße
15%
Parchimer Allee
15%
Residenzstraße
15%
Lindauer Allee
14%
Holzhauser Straße
13%
Scharnweberstraße
13%
Keine übereinstimmenden Quizze gefunden
Verteilung der Resultate
Anzahl Personen mit jedem Resultat
Perzentil nach korrekt beantworteten Fragen
Ihre Resultats-Entwicklung
Sie haben dieses Quiz seit der letzten Aktualisierung nicht gespielt